El proceso estratégico : (Record no. 21397)

000 -CABECERA
fixed length control field 00848nam a22002417a 4500
003 - IDENTIFICADOR DEL NÚMERO DE CONTROL
control field AR-CdUCM
008 - DATOS DE LONGITUD FIJA--INFORMACIÓN GENERAL
fixed length control field 190515b ||||| |||| 00| 0 spa d
020 ## - NÚMERO INTERNACIONAL ESTÁNDAR DEL LIBRO
ISBN 9786124149351
040 ## - FUENTE DE LA CATALOGACIÓN
Agencia/entidad que catalogó originalmente la obra MUNICIPALIDAD PROVINCIAL DEL CUSCO
Entidad que transcribió la catalogación BIBLIOTECA MUNICIPAL DEL CUSCO
082 ## - NÚMERO DE LA CLASIFICACIÓN DECIMAL DEWEY
No. de Clasificación 658.4/A10
Notacion interna A10
No. de la edición Tercera
100 ## - ENTRADA PRINCIPAL--NOMBRE DE PERSONA
Nombre Personal D' Alessio Ipinza, Fernando A
245 ## - MENCIÓN DE TÍTULO
Título El proceso estratégico :
Resto del título un enfoque de Gerencia /
260 ## - PUBLICACIÓN, DISTRIBUCIÓN, ETC.
Lugar de publicación, distribución, etc. Lima ;
Nombre de la editorial, distribuidor, etc. Pearson,
Fecha de publicación, distribución, etc. 2015.
300 ## - DESCRIPCIÓN FÍSICA
Nº de Páginas Extensión 824 Páginas ;
Dimensiones 20x27 cm.
505 ## - NOTA DE CONTENIDO CON FORMATO
Nota de contenido formateada Contenido: Formulación y planeamiento -- Dirección e implementación -- Evaluación y control ...
650 ## - PUNTO DE ACCESO ADICIONAL DE MATERIA--TÉRMINO DE MATERIA
Descriptor Administración
9 (RLIN) 4472
650 ## - PUNTO DE ACCESO ADICIONAL DE MATERIA--TÉRMINO DE MATERIA
Descriptor Economía
9 (RLIN) 382
650 ## - PUNTO DE ACCESO ADICIONAL DE MATERIA--TÉRMINO DE MATERIA
Descriptor Gerencia administrativa
9 (RLIN) 44631
650 ## - PUNTO DE ACCESO ADICIONAL DE MATERIA--TÉRMINO DE MATERIA
Descriptor Ciencias administrativas
9 (RLIN) 20776
650 ## - PUNTO DE ACCESO ADICIONAL DE MATERIA--TÉRMINO DE MATERIA
Descriptor Evaluación
9 (RLIN) 9938
942 ## - ELEMENTOS DE PUNTO DE ACCESO ADICIONAL (KOHA)
Fuente de clasificación
Tipo de item Libros-BMC
945 ## - PROCESAMIENTO DE INFORMACIÓN LOCAL (OCLC)
Catalogador Roel
Holdings
Estado de retiro (separado) Fuente de clasificación o esquema de estanterías Estado dañado Ubicación Sala donde se ubica Nombre de la colección Fecha de adquisición o compra Fuente de adquisición Costo, precio normal en soles Signatura topográfica Código de Barras Última vez visto (Koha) Tipo de ítem (Koha)
No     Sala Ciencias Sala Ciencias Book Cart 2020-03-09 Compra 50.00 658.4/A10 SC0000002237 2020-03-09 Libros-BMC
No     Sala Ciencias Sala Ciencias Book Cart 2020-03-09 Compra 50.00 658.4/A10/e.2 SC0000002238 2020-03-09 Libros-BMC

Powered by Koha